Mildred pierce (Record no. 51222)
[ view plain ]
| 000 -LEADER | |
|---|---|
| fixed length control field | 00599nam a2200169 a 4500 |
| 008 - FIXED-LENGTH DATA ELEMENTS--GENERAL INFORMATION | |
| fixed length control field | 131007s2011 ||||||||||||||||| || u |
| 020 ## - INTERNATIONAL STANDARD BOOK NUMBER | |
| International Standard Book Number | 9781780220727 |
| 050 ## - LIBRARY OF CONGRESS CALL NUMBER | |
| Classification number | PS 3505 .A3113.M54 |
| 100 ## - MAIN ENTRY--PERSONAL NAME | |
| Personal name | Cain, James M |
| 245 10 - TITLE STATEMENT | |
| Title | Mildred pierce |
| Statement of responsibility, etc. | by James M. Cain |
| 260 ## - PUBLICATION, DISTRIBUTION, ETC. | |
| Place of publication, distribution, etc. | London: |
| Name of publisher, distributor, etc. | Phoenix House |
| Date of publication, distribution, etc. | 2011 |
| 300 ## - PHYSICAL DESCRIPTION | |
| Extent | 281p. |
| 650 ## - SUBJECT ADDED ENTRY--TOPICAL TERM | |
| Topical term or geographic name entry element | CONFLICT OF GENERATIONS--FICTION |
| 650 ## - SUBJECT ADDED ENTRY--TOPICAL TERM | |
| Topical term or geographic name entry element | SINGLE MOTHERS--FICTION |
| 650 #0 - SUBJECT ADDED ENTRY--TOPICAL TERM | |
| Topical term or geographic name entry element | MOTHERS AND DAUGHTERS--FICTION |
| 995 ## - RECOMMENDATION 995 [LOCAL, UNIMARC FRANCE] | |
| -- | CBU-MAIN LIBRARY (Kitwe) |
| -- | 1 |
| -- | AVAILABLE |
| -- | Oct 31, 2013 |
| -- | Fiction Collection |
| Withdrawn status | Lost status | Source of classification or shelving scheme | Damaged status | Not for loan | Home library | Current library | Shelving location | Date acquired | Total Checkouts | Full call number | Barcode | Date last seen | Price effective from | Koha item type |
|---|---|---|---|---|---|---|---|---|---|---|---|---|---|---|
| CBU-MAIN LIBRARY, KITWE. | CBU-MAIN LIBRARY, KITWE. | 11/30/2022 | PS 3505 .A3113.M54 | 744633 | 11/30/2022 | 11/30/2022 | MONOGRAPH |